Регионална библиотека "Любен Каравелов" - Русе

Конникът без глава (Запис номер 27091)

MARC детайли
000 -Лидер
Контролно поле с фиксирана дължина 01500nam a2200349 c 4500
003 - Код на организацията, давaща контролен номер
Контролно поле BLK
005 - Дата и час на последна редакция
Контролно поле 20250102092337.0
008 - Елементи от данни с фиксирана дължина
fixed length control field 180413b bul|||||r ||||||| ||bul||
010 ## - Наследен системен номер
LC control number KNG00029661000
020 ## - Международен стандартен номер на книга ISBN
Международен стандартен номер на книга ISBN 954-8793-31-8
-- издат.: Емас - (не е отпеч.)
040 ## - Източник на каталожния запис
Идентификатор на билиотеката - собственик на записа BLK
041 ## - Код за език
Код за езика на текст/звукозапис или на отделно заглавие Български
Код за езика КДБФ Български
080 ## - УДК
Текстов определител УДК Английска литература
УДК код - определител по УДК 821.111
УДК определител -93-31
УДК - код + определител 821.111-93-31
080 ## - УДК
Текстов определител УДК Английска литература
УДК код - определител по УДК 821.111
УДК определител -31
УДК - код + определител 821.111-31
100 1# - Редна дума - Автор
Автор Рид, Томас Майн
Дати, свързани с автора 1818-1883
Авторска отговорност първи автор
R(LIN) 365222
139 ## - Редно поле
Редна дума Рид, Томас Майн
Авторски знак Рид - Р 59
245 10 - Сведения за заглавието
Заглавие Конникът без глава
Подзаглавни данни Роман
Редно поле (дума) Томас Майн Рид; прев. Владимир Филипов.
250 ## - Област на изданието
Сведения за изданието 8. изд.
257 ## - Страна на издаване
Страна на създаване/издаване Великобритания
260 ## - Област на издателските данни
-- София
Име на издателя, разпространителя и проч. Емас
Година на издаване 1998
Печатница София : Експреспринт
300 ## - Физическа характеристика
Страници 560 с.
Размери/Мащаб 20 см
380 ## - Жанр
Жанр Худож. лит.
490 1# - СЕРИИ (Колекции)
Име на серия Вечните приключенски романи
№: серия 14
500 ## - Общи забележки
Забележка Ориг. загл. The Headless Horseman / Mayne Reid. - 1. изд. 1956 на изд. Нар. младеж в библ. Приключения и науч. фантастика.
700 ## - Други автори (авторска отговорност)
Лично име Филипов, Владимир
Дати, свързани с автора 1925-2004
9 (RLIN) 363823
852 ## - Местоположение
Форматна сигнатура Цб 202430
856 4# - Електронен адрес и достъп
Електронен формат pdf - файл
Път до файла /url/
856 4# - Електронен адрес и достъп
Електронен формат pdf - файл
Път до файла /url/
942 ## - АРТИКУЛИ
Вид на библиотечния материал Книги
Скрит в OPAC Не
Koha issues (borrowed), all copies 5
944 ## - СЪЗДАВАНЕ И РЕДАКЦИЯ на ЗАПИСА
Създаване/Редакция Създаване
Дата на регистрацията/редакция 15.01.2003
Служител, извършил регистрацията/редакцията 30540
Статус, дата на статуса Севдалина Тодорова
944 ## - СЪЗДАВАНЕ И РЕДАКЦИЯ на ЗАПИСА
Създаване/Редакция Редакция
Дата на регистрацията/редакция 23.06.2017
Служител, извършил регистрацията/редакцията Пенка_Димитрова
999 ## - СИСТЕМНИ КОНТРОЛНИ НОМЕРА
Koha biblionumber 27091
Koha biblioitemnumber 27091
Наличности
Код за отписване Код за изгубен артикул Източник на класификационната схема Код за повреда Коз за рестрикции Код за отдаване Артикулен № Име на библиотеката - собственик Име на библиотеката, в която се намира в момента Статус (Текущо местоположение) Дата на вписване в системата Местоположение - отдел Цена в лева Инвентарен номер Систематично азбучна сигнатура Баркод Номер на екземпляра Цена в евро Служебна бележка Служебен тип на артикула
  Не е изгубен Universal Decimal Classification Не е повреден без рестрикции ползва се в читалня 43888 Регионална библиотека "Любен Каравелов" Русе Регионална библиотека "Любен Каравелов" Русе Хранилище 2001-01-01 Хранилище 0.00 651856 Цб 202430 120000651856 1 0.00 Дост: Dp Вид: Д N: стар фонд Дата: 01.01.1998 Книги
Изтеглен Не е изгубен   Не е повреден без рестрикции заемане за дома 43889 Регионална библиотека "Любен Каравелов" Русе Регионална библиотека "Любен Каравелов" Русе Заемна - подръчен фонд 2008-12-19 Заемна - подръчен фонд 8.50 120000732262 П 820-31/Р 59 120000732262 2 4.35 Дост: Ak Вид: Г N: 15 Дата: 19.12.2008 Дата инв: 15.02.2018 Бележки инв: П2018 Книги
  Не е изгубен   Не е повреден без рестрикции заемане за дома 43890 Регионална библиотека "Любен Каравелов" Русе Регионална библиотека "Любен Каравелов" Русе Детски отдел 2017-06-23 Детски отдел 16.00 120000812782 ДХ 820/899/Р 59 120000812782 3 8.18 Дост: DA Вид: А N: 26 Дата: 23.06.2017 Книги
Vip Innovations Ltd, Rousse, Bulgaria 2025